000 00224nam a22000857a 4500
008 250213b ||||| |||| 00| 0 eng d
100 _aPacks and Cards
245 _aBritish Presentation Packs
650 _aBritish Presentation Packs
999 _c3648
_d3648